00536cam a2200169 a 450000100100000000500170001000800410002702000160006804000230008408200190010710000400012624500510016626000680021730000210028565000240030665000360033000000598820200929151855.0880823s1986 ck 001 p spa  z95890750405 aDO-SdBNPcDLCdDLC aC861.44bC355j1 aCastro Saavedra, Carlos.d1924-198910aJugando con el gato /cCarlos Castro Saavedra. aMedellín :bBiblioteca Pública Piloto de Medellín,c1986. a203 p. ;c20 cm. 4aPoesía colombiana 4aLiteratura colombianaySIGLO XX